00513nam a2200181Ia 4500008004100000020001800041082000800059100002500067245002800092250000600120260003400126300001000160500002400170650002300194942000700217952009000224999001700314230524s9999 xx 000 0 und d a9780143028574 bROY aArundhati Roy941736 4aThe God of Small Things a1 aNew DelhibPenguin Bookc2002 a339p; aQuantity Number: 1 aMisalliance941737 cBK 00104070aTATCLbTATCLcGENd2023-05-24l0o ROYp53422r2023-05-24w2023-05-24yBK c56191d56191